000 00464nam a2200181Ia 4500
001 8268
005 20260306160556.0
008 260306t2014||||xx |||||||||||||| ||spa||
041 _aESP
082 _a370.1523
_bC24 Nº 3
100 _aGleichgerrcht, Ezequiel
_eAUT
245 0 _aEl envejecimiento:
_bfomentando la neurociencia educacional
260 _c2014
300 _a30 páginas :
_c20 cm.
650 _aGEN
654 _aCED
942 _cLIB
_dJUS
_fJUS
_2ddc
_n
999 _c8268
_d8268